=LDR 00000nam 2200000 4500 =001 INLIS000000000036950 =005 20130612142715 =008 ***********************************Ind** =035 ##$$0010-061300000036950 =041 ##$$a Ind =082 ##$$a 403 =090 ##$$a 403, Tsu k =100 ##$$a Tsuraya, Aliyah =245 ##$$a amus pintar indonesia arab inggris, Aliyah Tsuraya ; penyunting, Tree =260 ##$$a 2011 $b Jakarta =300 ##$$a 164 hlm, ilus, 28 cm =650 ##$$a Kamus Poligot =850 ##$$a NBPNMAT =990 ##$$a 21602742/BPAP-NTB/2017